000 00436ntaaa2200181 4500
003 01
005 20251027201222.0
008 0714s1973 ag 01
040 _aAR-BaBN
_bspa
_cAR-BaBN
_eaacr
_dRIC
082 _a220.9 Ch35
100 _aChampdor, Albert
245 _aBabilonia /
_cAlbert Champdor
250 _a1 ed.
260 _aBarcelona :
_bAymá, S.A.,
_c1963
300 _a206 p.
650 _aArqueología
_95159
942 _cBK
999 _c6521
_d6521